000 01522nam a2200265 a 4500
001 000639978
003 AM-YEHGA
005 20260309155130.0
008 090309s1989 ai o|||gr|||||000|||arm|d
040 _aAM-YeHGA
041 0 _aarm
_arus
100 1 _aԱդիյան, Վիկտոր
_eհեղինակ
_4aut
_eկազմող
_4com
_eլուսանկարիչ
_4pht
245 1 0 _aԱզնավուրը Հայաստանում =
_bАзнавур в Армении ։ 4-7 փետրվարի, 1989 թ. : [Լուսանկարների հավաքածու] /
_cՀեղինակ-կազմող և լուսանկարիչ՝ Վ. Ադիյան ; Շարադրանքը՝ Ա. Գևորգյանի ; Երգի թարգմանությունը՝ Վ. Աթաբեկյանի և Գ. Կուբատյանի ; Հայաստանի Ժուռնալիստների միություն
246 1 1 _aАзнавур в Армении ։
_b4-7 февраля, 1989 г.
260 _aԵրևան :
_bՎիկտար,
_c1989.
300 _a[15] թ. :
_bլուսանկ. ;
_c19x26 սմ.
546 _aՏեքստը հայ և ռուս.
600 1 4 _aԱզնավուր, Շառլ,
_d1924-
650 1 4 _aՀայ բարեգործներ
_xԼուսանկերների հավաքածու
700 1 _aԳևորգյան, Աստղիկ
_eտեքստ
_4txt
700 1 _aԱթաբեկյան, Վահագն
_eթարգմանիչ
_4trl
700 1 _aԿուբատյան, Գեորգի
_eթարգմանիչ
_4trl
_92608
710 1 _aՀայաստանի ժուռնալիստների միություն
942 _2udc
_cBK
999 _c541256
_d541256